|
|
|
|
| LEADER |
01161nam a2200265 a 4500 |
| 001 |
c000168473 |
| 003 |
CARM |
| 005 |
19960305000000.0 |
| 008 |
910220s1976 vra f000 0 eng d |
| 019 |
1 |
|
|a 7752880
|5 LACONCORD2021
|
| 035 |
|
|
|a (OCoLC)220811841
|5 LACONCORD2021
|
| 040 |
|
|
|a VCMB
|b eng
|c VCMB
|d ANL
|
| 042 |
|
|
|a anuc
|
| 043 |
|
|
|a u-at---
|
| 100 |
1 |
|
|a Seaman, R. S.
|
| 245 |
1 |
0 |
|a Statistics on the simultaneous variation of wind in time and space :
|b Australian region, 20000 and 40000 feet /
|c by R.S. Seaman and I.M. Draudins.
|
| 260 |
|
|
|a Melbourne :
|b Australian Numerical Meteorology Research Centre :
|c [1976?]
|
| 300 |
|
|
|a 15 p ;
|c 24 cm.
|
| 490 |
1 |
|
|a Technical report / Australian Numerical Meteorology Research Centre ;
|v no. 1.
|
| 650 |
|
0 |
|a Winds aloft
|z Australia
|x Observations.
|
| 700 |
1 |
|
|a Draudins, I. M.
|
| 830 |
|
0 |
|a Technical report (Australian Numerical Meteorology Research Centre) ;
|v no. 1.
|
| 852 |
8 |
|
|b CARM
|h A2:AN29F0
|i C06033
|p 0226800
|f BK
|
| 999 |
f |
f |
|i 3fdb02f0-cdd6-5478-aa1b-8f2c347d37ce
|s ef83912f-4fad-57b6-a49b-37c8f767671b
|
| 952 |
f |
f |
|p Can circulate
|a CAVAL
|b CAVAL
|c CAVAL
|d CARM 1 Store
|e C06033
|f A2:AN29F0
|h Other scheme
|i book
|m 0226800
|